000 00305nam a22001337a 4500
008 170504b xxu||||| |||| 00| 0 eng d
020 _a9780853238669
041 _aeng
080 _a343.9
100 _a14
101 _aSHJ
245 _aCRIME AND CRIMINAL JUSTICE SYSTEM
_cJOYCE.P
942 _2udc
_cBK
999 _c12658
_d12658